The lost symbol / (Record no. 3453)
[ view plain ]
| 000 -LEADER | |
|---|---|
| fixed length control field | 00672nam a22002417a 4500 |
| 001 - CONTROL NUMBER | |
| control field | 3453 |
| 003 - CONTROL NUMBER IDENTIFIER | |
| control field | FISKH |
| 005 - DATE AND TIME OF LATEST TRANSACTION | |
| control field | 20250327152012.0 |
| 008 - FIXED-LENGTH DATA ELEMENTS--GENERAL INFORMATION | |
| fixed length control field | 240306b cb ||||| |||| 00| 0 eng d |
| 040 ## - CATALOGING SOURCE | |
| Original cataloging agency | FISK |
| Language of cataloging | eng |
| Transcribing agency | FISK |
| Modifying agency | FISK |
| 050 ## - LIBRARY OF CONGRESS CALL NUMBER | |
| Classification number | PS3552.R685434 |
| 082 ## - DEWEY DECIMAL CLASSIFICATION NUMBER | |
| Classification number | 813.54 |
| 100 ## - MAIN ENTRY--PERSONAL NAME | |
| Personal name | Brown Dan |
| Dates associated with a name | 1964- |
| 245 ## - TITLE STATEMENT | |
| Title | The lost symbol / |
| Statement of responsibility, etc. | Dan Brown |
| 260 ## - PUBLICATION, DISTRIBUTION, ETC. | |
| Place of publication, distribution, etc. | New York : |
| Name of publisher, distributor, etc. | Bantam Press, |
| Date of publication, distribution, etc. | 2009 |
| 300 ## - PHYSICAL DESCRIPTION | |
| Extent | 669 pages : |
| Dimensions | 19 cm |
| 505 ## - FORMATTED CONTENTS NOTE | |
| Formatted contents note | M |
| 520 ## - SUMMARY, ETC. | |
| Summary, etc. | Symbologist Robert Langdon returns in this new thriller follow-up to The Da Vinci Code. |
| 521 8# - TARGET AUDIENCE NOTE | |
| Target audience note | estimates, |
| Source | Lexiles |
| 700 ## - ADDED ENTRY--PERSONAL NAME | |
| Personal name | Dan Brown |
| 942 ## - ADDED ENTRY ELEMENTS (KOHA) | |
| Source of classification or shelving scheme | Dewey Decimal Classification |
| Koha item type | Amazon Kindle eReader |
| Suppress in OPAC | No |
| Withdrawn status | Lost status | Source of classification or shelving scheme | Damaged status | Not for loan | Collection | Home library | Current library | Shelving location | Date acquired | Total Checkouts | Full call number | Barcode | Date last seen | Copy number | Price effective from | Koha item type |
|---|---|---|---|---|---|---|---|---|---|---|---|---|---|---|---|---|
| Dewey Decimal Classification | Fiction | Footprints International School Library Network Toul Kork Campus | Footprints International School Library Network Toul Kork Campus | 03/06/2024 | BRO PS3552.R685434 813.54 | 2024-0264 | 03/06/2024 | 1 | 03/06/2024 | Amazon Kindle eReader |
